000 00548nam a2200229Ia 4500
003 OSt
005 20220924141101.0
006 a|||||r|||| 00| 0
007 ta
008 220923b |||||||| |||| 00| 0 ben d
024 _a297127
037 _cTextual
040 _aARTS
_cARTS
_bben
041 _2ben
_aben
082 _aO157,3NR08,1, M9
100 _aRoy
_9120881
245 0 _aGopal dev
260 _c1989
650 _aBENGALI LITERATURE
942 _hO157,3NR08,1, M9
_cTEXL
_2CC
999 _c446204
_d446204